Διαμονές : ταξίδι στην Ελλάδα

Αποθηκεύτηκε σε:
Λεπτομέρειες βιβλιογραφικής εγγραφής
Κύριος συγγραφέας: Heidegger, Martin, 1889-1976
Άλλοι συγγραφείς: Φαράκλας, Γιώργος (Μεταφραστής), Καλταμπάνος, Νίκος (Επιμελητής έκδοσης)
Μορφή: Βιβλίο
Γλώσσα:Greek
Δημοσίευση: Αθήνα : Κριτική, 1998.
Θέματα:
Ετικέτες: Προσθήκη ετικέτας
Δεν υπάρχουν, Καταχωρήστε ετικέτα πρώτοι!

MARC

LEADER 00000cam a2200000 i 4500
001 1/12896
008 001101s1998 gre d
020 |a 960-218-170-2 
035 |l 10064393 
040 |a GR-MY-UA  |b gre  |e aacr 
041 0 |a gre 
082 0 |a 193 
100 1 |a Heidegger, Martin,   |d 1889-1976. 
245 1 0 |a Διαμονές :   |b ταξίδι στην Ελλάδα /   |c Μάρτιν Χάϊντεγγερ ; πρόλογος, μετάφραση: Γιώργος Φαράκλας ; επιμέλεια: Νίκος Καλταμπάνος.  
260 |a Αθήνα :   |b Κριτική,   |c 1998.  
300 |a 108 σ.  
650 0 0 |a Philosophy. 
650 0 0 |a Philosophy, Ancient. 
650 0 0 |a Manuscripts, German  |x Facsimiles. 
651 0 |a Greece  |x Description and travel. 
700 1 |a Φαράκλας, Γιώργος,  |e trl 
700 1 |a Καλταμπάνος, Νίκος,  |e edt 
852 |a INST  |b LESVOS  |e 20001101  |h 193 HEI  |p 005100029046  |q 005100029046  |t BK  |y 0 
901 |a BIBL1-2001-1 
909 |a Λ  |b 081023 
922 |a 1ΕΛΗ  |b 200009  |c ΤΑΚ/ΤΓ  |d ΠΑΠΑΣΩΤΗΡΙΟΥ 
950 |a 118-2000-07-09 
970 |a ΤΖΑΦΕΡΗ  |b ΕΥΑΓΓΕΛΙΑ  |z 2001/03/26